000
00276nam a2200097Ia 4500
001
642476
005
20250826153527.0
008
250824s9999 xx 000 0 und d
245
0
_a
GORİOT BABA ANTİK OKUL KLASİKLERİ
_c
HONORE DE BALZAC
260
_b
ANTİK DÜNYA KLASİKLERİ
999
_c
642476
_d
642476